000 00302nam a22001337a 4500
008 170614b xxu||||| |||| 00| 0 eng d
020 _a9780673394897
041 _aeng
080 _a32
100 _a19
101 _aSHP
245 _aUNDERSTANDING POLITICAL DEVELOPMENT
_cWEINER,M
942 _2udc
_cBK
999 _c17305
_d17305